[Event "FRM-chT2 20th"]
[Site "Andrijevica"]
[Date "2011.09.11"]
[Round "4"]
[White "Skenderovic, Ismet"]
[Black "Ilic, Dragan B"]
[Result "1-0"]
[WhiteElo "2140"]
[BlackElo "2266"]
[PlyCount "69"]
[EventDate "2011.09.09"]
[EventType "team"]
[EventRounds "7"]
[EventCountry "MNE"]
[SourceTitle "CBM 144 Extra"]
[Source "ChessBase"]
[SourceDate "2011.10.28"]
[SourceVersion "1"]
[SourceVersionDate "2011.10.28"]
[SourceQuality "1"]

1. d4 d5 2. c4 c6 3. Nc3 Nf6 4. Nf3 Qb6 5. e3 Bg4 6. c5 Qc7 7. Be2 Nbd7 8. h3 Bxf3 9. Bxf3 e5 10. b4 a6 11. Bd2 Be7 12. 0-0 0-0 13. a4 h6 14. Re1 e4 15. Be2 Nh7 16. b5 axb5 17. axb5 Rxa1 18. Qxa1 Rb8 19. Qa7 Nhf8 20. bxc6 Qxc6 21. Bb5 Qc8 22. Nxd5 Bd8 23. Ra1 Kh7 24. Qa4 Kg8 25. Qc2 f5 26. Ra7 Ra8 27. Qa4 Rxa7 28. Qxa7 Qb8 29. Qa4 Qc8 30. Ba5 Qa8 31. Bxd8 Qxd8 32. Qa7 Qb8 33. Qxb8 Nxb8 34. Ne7+ Kf7 35. Nxf5 1-0

[Event "SRB-chT3 South"]
[Site "Nis"]
[Date "2008.10.24"]
[Round "8"]
[White "Anastasijevic, Nenad"]
[Black "Ilic, Dragan B"]
[Result "0-1"]
[WhiteElo "2053"]
[BlackElo "2256"]
[PlyCount "34"]
[EventDate "2008.09.14"]
[EventType "team"]
[EventRounds "11"]
[EventCountry "SRB"]
[SourceTitle "EXT 2012"]
[Source "ChessBase"]
[SourceDate "2011.11.24"]
[SourceVersion "1"]
[SourceVersionDate "2011.11.24"]
[SourceQuality "1"]

1. e4 e5 2. Nf3 Nf6 3. Nxe5 d6 4. Nf3 Nxe4 5. d4 d5 6. Bd3 Be7 7. 0-0 Nc6 8. c4 Bg4 9. Be3 0-0 10. Nc3 Nf6 11. h3 Bxf3 12. gxf3 Qd7 13. Kg2 dxc4 14. Bxc4 Rad8 15. Ne2 Nd5 16. a3 Bf6 17. Qd2 Nce7 0-1

[Event "SCG-chT 48th"]
[Site "Herceg Novi"]
[Date "2005.05.18"]
[Round "4"]
[White "Ilic, Dragan B"]
[Black "Damljanovic, Branko"]
[Result "0-1"]
[WhiteElo "2295"]
[BlackElo "2588"]
[PlyCount "82"]
[EventDate "2005.05.15"]
[EventType "team-tourn"]
[EventRounds "7"]
[EventCountry "YUG"]
[SourceTitle "CBM 106 Extra"]
[Source "ChessBase"]
[SourceDate "2005.07.01"]
[SourceVersion "1"]
[SourceVersionDate "2005.07.01"]
[SourceQuality "1"]

1. d4 Nf6 2. c4 g6 3. Nc3 Bg7 4. e4 d6 5. f3 0-0 6. Be3 c5 7. Nge2 Nc6 8. Qd2 b6 9. d5 Ne5 10. Ng3 h5 11. Be2 h4 12. Nf1 h3 13. g4 a6 14. Ng3 e6 15. Bh6 exd5 16. cxd5 Nh7 17. Bxg7 Kxg7 18. 0-0-0 b5 19. Rdf1 Qa5 20. Kb1 Bd7 21. Rhg1 b4 22. Nd1 Bb5 23. Ne3 Kh8 24. f4 Nd7 25. g5 Rae8 26. Rc1 Qd8 27. Bg4 f6 28. Bxh3 fxg5 29. Bxd7 Qxd7 30. f5 Rg8 31. fxg6 Rxg6 32. Nef5 Nf6 33. Rce1 Re5 34. h4 Nxe4 35. Rxe4 Rxe4 36. hxg5 Re7 37. Nxe7 Qxe7 38. Nh5 Qh7 39. Rh1 Rxg5+ 40. Ka1 Rxh5 41. Rg1 Rh1 0-1

[Event "SCG-chT 48th"]
[Site "Herceg Novi"]
[Date "2005.05.17"]
[Round "3"]
[White "Ilic, Dragan B"]
[Black "Todorovic, Goran M"]
[Result "1-0"]
[WhiteElo "2295"]
[BlackElo "2511"]
[PlyCount "113"]
[EventDate "2005.05.15"]
[EventType "team-tourn"]
[EventRounds "7"]
[EventCountry "YUG"]
[SourceTitle "CBM 106 Extra"]
[Source "ChessBase"]
[SourceDate "2005.07.01"]
[SourceVersion "1"]
[SourceVersionDate "2005.07.01"]
[SourceQuality "1"]

1. d4 d5 2. c4 e6 3. Nf3 c5 4. cxd5 exd5 5. Bg5 Be7 6. Bxe7 Nxe7 7. dxc5 Nbc6 8. Nc3 d4 9. Ne4 0-0 10. g3 Qd5 11. Ned2 d3 12. e4 Qxc5 13. Bg2 Rd8 14. 0-0 Bg4 15. h3 Bxf3 16. Nxf3 d2 17. a3 Rd3 18. b4 Qc3 19. Qe2 Rad8 20. Rfd1 Ng6 21. Ra2 Nce5 22. Nh2 Nc4 23. Bf1 Nb2 24. Raa1 Nxd1 25. Rxd1 Ne5 26. Qh5 R3d6 27. Be2 h6 28. Nf1 b6 29. Ne3 Kf8 30. g4 Ng6 31. Bc4 Rf6 32. g5 Nf4 33. Qh4 Ng6 34. Qh5 Qe5 35. Ng4 Qxg5 36. Qxg5 hxg5 37. Nxf6 gxf6 38. Bd5 Kg7 39. Rxd2 Rh8 40. Rc2 Nf4 41. Rc7 Nxd5 42. exd5 Rxh3 43. Rxa7 Rd3 44. Ra6 b5 45. d6 Kg6 46. Rb6 Kf5 47. Rxb5+ Kf4 48. a4 Rxd6 49. Kg2 f5 50. a5 g4 51. Rb7 Rd2 52. Rc7 Ra2 53. Rc6 Kg5 54. a6 Kh4 55. b5 f4 56. Rh6+ Kg5 57. Rh8 1-0

[Event "SCG-chT 48th"]
[Site "Herceg Novi"]
[Date "2005.05.15"]
[Round "1"]
[White "Markovic, Miroslav"]
[Black "Ilic, Dragan B"]
[Result "1-0"]
[WhiteElo "2509"]
[BlackElo "2295"]
[PlyCount "135"]
[EventDate "2005.05.15"]
[EventType "team-tourn"]
[EventRounds "7"]
[EventCountry "YUG"]
[SourceTitle "CBM 106 Extra"]
[Source "ChessBase"]
[SourceDate "2005.07.01"]
[SourceVersion "1"]
[SourceVersionDate "2005.07.01"]
[SourceQuality "1"]

1. e4 e5 2. Nf3 Nf6 3. Nc3 Nc6 4. Bb5 Bb4 5. 0-0 Bxc3 6. bxc3 0-0 7. Re1 d6 8. h3 Qe7 9. d4 Nd8 10. Bg5 Ne6 11. Bc1 Nd8 12. Bd3 h6 13. a4 c5 14. Nd2 Ne6 15. d5 Nf4 16. Nc4 N6h5 17. Be2 Qg5 18. Bg4 Qg6 19. Ne3 Nf6 20. Nf5 Bxf5 21. exf5 Qg5 22. g3 h5 23. gxf4 exf4 24. Qf3 hxg4 25. hxg4 Nxg4 26. Qxf4 Qh5 27. c4 Ne5 28. Ra3 Rfe8 29. Kg2 Qg4+ 30. Rg3 Qxf4 31. Bxf4 Nxc4 32. Rb1 Nb6 33. c4 Re4 34. Bh6 g6 35. a5 Kh7 36. Rh1 Nd7 37. Rgh3 Nf6 38. Bf8+ Nh5 39. fxg6+ fxg6 40. Bxd6 Rg4+ 41. Rg3 Rxc4 42. Rb3 Rd8 43. Rxb7+ Kh6 44. Be7 Rxd5 45. Rxa7 Rg4+ 46. Kf3 Rf4+ 47. Ke3 Re5+ 48. Kd3 Rxf2 49. a6 Ra2 50. Bf8+ Kg5 51. Kc4 Ra4+ 52. Kb5 Rb4+ 53. Kc6 Re6+ 54. Kxc5 Rbb6 55. Ra1 Rbc6+ 56. Kd4 Ng3 57. Ra8 Nf5+ 58. Kd3 Re3+ 59. Kd2 Rce6 60. Bc5 Re2+ 61. Kd3 R2e5 62. Rc8 Re8 63. Rxe8 Rxe8 64. a7 Ra8 65. Rb1 Rd8+ 66. Kc4 Ra8 67. Rb8 Nd6+ 68. Kd3 1-0

[Event "Pirot Summer op"]
[Site "Pirot"]
[Date "2004.07.30"]
[Round "7"]
[White "Ilic, Dragan B"]
[Black "Mladenovic, Jelena"]
[Result "1-0"]
[WhiteElo "2289"]
[BlackElo "2133"]
[PlyCount "106"]
[EventDate "2004.07.25"]
[EventType "swiss"]
[EventRounds "9"]
[EventCountry "YUG"]
[SourceTitle "CBM 101 Extra"]
[Source "ChessBase"]
[SourceDate "2004.09.01"]
[SourceVersion "2"]
[SourceVersionDate "2004.09.01"]
[SourceQuality "1"]

1. d4 Nf6 2. c4 e5 3. dxe5 Ng4 4. Nf3 Bc5 5. e3 Nc6 6. Nc3 Ngxe5 7. Be2 0-0 8. 0-0 a5 9. Nxe5 Nxe5 10. Ne4 Be7 11. b3 d6 12. Bb2 f5 13. Nc3 Bf6 14. Qd2 Ng6 15. Bf3 Kh8 16. g3 Be5 17. Ne2 Qf6 18. Bc3 a4 19. Bg2 h5 20. f4 Bxc3 21. Nxc3 axb3 22. axb3 Rxa1 23. Rxa1 Re8 24. Ra8 c6 25. Qd4 Qe7 26. e4 fxe4 27. Nxe4 Bf5 28. Rxe8+ Qxe8 29. Nxd6 Qe1+ 30. Bf1 Bh3 31. Qf2 Qd1 32. Nf7+ Kg8 33. Ng5 Bxf1 34. Qxf1 Qxb3 35. Qe2 Qb1+ 36. Kg2 Qf5 37. Qxh5 Qc2+ 38. Kh3 Qf5+ 39. Qg4 Qxg4+ 40. Kxg4 b5 41. cxb5 cxb5 42. Kf5 Ne7+ 43. Ke5 Kf8 44. Ne4 b4 45. Nc5 Ng8 46. g4 Nf6 47. h3 Ne8 48. f5 Nf6 49. Kf4 Ke7 50. Nb3 Nd7 51. Kf3 Nf6 52. g5 Nd7 53. h4 Ne5+ 1-0

[Event "Pirot Summer op"]
[Site "Pirot"]
[Date "2004.07.26"]
[Round "3"]
[White "Ilic, Dragan B"]
[Black "Urosevic, Marija"]
[Result "0-1"]
[WhiteElo "2289"]
[BlackElo "2019"]
[PlyCount "78"]
[EventDate "2004.07.25"]
[EventType "swiss"]
[EventRounds "9"]
[EventCountry "YUG"]
[SourceTitle "CBM 101 Extra"]
[Source "ChessBase"]
[SourceDate "2004.09.01"]
[SourceVersion "2"]
[SourceVersionDate "2004.09.01"]
[SourceQuality "1"]

1. d4 Nf6 2. Nf3 e6 3. g3 b5 4. Bg2 Bb7 5. a4 b4 6. c4 c5 7. d5 Qc7 8. Bf4 Qb6 9. dxe6 dxe6 10. 0-0 Be7 11. Nbd2 0-0 12. a5 Qa6 13. Qc2 Rd8 14. e4 Nc6 15. e5 Nd7 16. Ne4 h6 17. Rfd1 Nxa5 18. b3 Qb6 19. Nd6 Nc6 20. Bxh6 Bxd6 21. Rxd6 Ndxe5 22. Rxd8+ Rxd8 23. Nxe5 Nxe5 24. Bf4 Nc6 25. Qe2 Nd4 26. Qg4 Bxg2 27. Kxg2 Qb7+ 28. Kh3 Nxb3 29. Be5 f5 30. Qg5 Re8 31. Rd1 Nd4 32. Bxd4 cxd4 33. Rxd4 b3 34. Rh4 Qf7 35. c5 Rb8 36. c6 b2 37. c7 b1Q 38. Qd8+ Qf8 39. cxb8Q Qxb8 0-1

[Event "Plovdiv Tringov Memorial"]
[Site "Plovdiv"]
[Date "2003.10.16"]
[Round "5"]
[White "Ilic, Dragan B"]
[Black "Panbukchian, Valentin"]
[Result "0-1"]
[WhiteElo "2314"]
[BlackElo "2333"]
[PlyCount "73"]
[EventDate "2003.10.13"]
[EventType "swiss"]
[EventRounds "7"]
[EventCountry "BUL"]
[SourceTitle "EXT 2005"]
[Source "ChessBase"]
[SourceDate "2004.11.15"]
[SourceVersion "1"]
[SourceVersionDate "2004.11.15"]
[SourceQuality "1"]

1. d4 Nf6 2. c4 e6 3. Nf3 Bb4+ 4. Bd2 Qe7 5. g3 Nc6 6. Nc3 0-0 7. Bg2 d5 8. cxd5 exd5 9. 0-0 Bxc3 10. bxc3 Ne4 11. Re1 Rd8 12. Qc2 h6 13. Bf4 Bf5 14. Qb2 Na5 15. Qb4 Qxb4 16. cxb4 Nc4 17. Ne5 Na3 18. Rac1 c6 19. f3 Nd6 20. g4 Bh7 21. e4 a5 22. bxa5 Ndb5 23. Nd3 Nc4 24. Nc5 Nxa5 25. a4 Nxd4 26. Bc7 Nab3 27. Nxb3 Nxb3 28. Bxd8 Nxc1 29. exd5 Rxd8 30. Rxc1 Rxd5 31. Ra1 Bc2 32. a5 Rd1+ 33. Rxd1 Bxd1 34. h3 Kf8 35. f4 Ke7 36. a6 bxa6 37. Bxc6 0-1

[Event "Serbia-ch"]
[Site "Dimitrovgrad"]
[Date "2003.03.07"]
[Round "8"]
[White "Ilic, Dragan B"]
[Black "Vuckovic, Bojan"]
[Result "0-1"]
[WhiteElo "2306"]
[BlackElo "2495"]
[PlyCount "133"]
[EventDate "2003.02.28"]
[EventType "swiss"]
[EventRounds "9"]
[EventCountry "YUG"]
[SourceTitle "CBM 093 Extra"]
[Source "ChessBase"]
[SourceDate "2003.05.09"]
[SourceVersion "1"]
[SourceVersionDate "2003.05.09"]
[SourceQuality "1"]

1. Nf3 Nf6 2. c4 c5 3. g3 b6 4. Bg2 Bb7 5. 0-0 e6 6. Nc3 Be7 7. d4 cxd4 8. Qxd4 d6 9. e4 0-0 10. Rd1 Nbd7 11. Qe3 Qc7 12. b3 a6 13. Ba3 Rfe8 14. Rac1 Rac8 15. Nd4 Qb8 16. h3 Nc5 17. Bb2 Bf8 18. Nde2 g6 19. g4 Bg7 20. Ng3 d5 21. e5 Nfd7 22. cxd5 exd5 23. Nxd5 Nxe5 24. Ne4 Bxd5 25. Rxd5 Nxg4 26. hxg4 Bxb2 27. Rc4 Nxe4 28. Bxe4 Rxc4 29. bxc4 Qc8 30. Qe2 Bg7 31. g5 Qe6 32. f3 Be5 33. Qd2 Qh3 34. Rd7 Bh2+ 35. Kf2 Qg3+ 36. Ke2 Bg1 37. Kd1 Qe5 38. Rd5 Qa1+ 39. Ke2 Bc5 40. Rd7 Qe5 41. a4 Qh2+ 42. Kd1 Qg1+ 43. Ke2 Qf2+ 44. Kd3 Qf1+ 45. Qe2 Qa1 46. Qc2 Qa3+ 47. Qc3 Qxa4 48. Rd5 Qd1+ 49. Qd2 Qb1+ 50. Qc2 Qg1 51. Qd2 a5 52. Rd7 Bb4 53. Qe2 Qxg5 54. Qh2 Qc1 55. Qc2 Qf1+ 56. Kd4 Qg1+ 57. Kd3 Bc5 58. Kc3 Qe3+ 59. Kb2 Re7 60. Rd8+ Kg7 61. Rd3 Qf4 62. Kb3 a4+ 63. Ka2 a3 64. Rd8 Qf6 65. Rd5 h5 66. Rd2 Re5 67. Rd7 0-1

[Event "Serbia-ch"]
[Site "Dimitrovgrad"]
[Date "2003.03.05"]
[Round "6"]
[White "Ilic, Dragan B"]
[Black "Maksimovic, Branimir"]
[Result "0-1"]
[WhiteElo "2306"]
[BlackElo "2387"]
[PlyCount "96"]
[EventDate "2003.02.28"]
[EventType "swiss"]
[EventRounds "9"]
[EventCountry "YUG"]
[SourceTitle "CBM 093 Extra"]
[Source "ChessBase"]
[SourceDate "2003.05.09"]
[SourceVersion "1"]
[SourceVersionDate "2003.05.09"]
[SourceQuality "1"]

1. Nf3 Nf6 2. c4 e6 3. g3 d5 4. Bg2 Be7 5. 0-0 0-0 6. b3 c5 7. Bb2 Nc6 8. cxd5 exd5 9. d4 Ne4 10. dxc5 Bxc5 11. Nc3 Nxc3 12. Bxc3 d4 13. Bb2 Re8 14. a3 a5 15. b4 axb4 16. axb4 Rxa1 17. Bxa1 Bxb4 18. Nxd4 Nxd4 19. Bxd4 Bf8 20. e3 b5 21. Qb3 b4 22. Bd5 Be6 23. Bxe6 Rxe6 24. f4 Ra6 25. f5 Ra3 26. Qc4 Qa8 27. f6 g6 28. Rf2 h5 29. Rc2 b3 30. Rf2 Qb7 31. Bb2 Ra8 32. g4 h4 33. g5 h3 34. Qg4 Qd5 35. Qxh3 Qxg5+ 36. Qg2 Qa5 37. Bd4 Rb8 38. Rb2 Ba3 39. Rb1 Qf5 40. Rf1 Qe6 41. Qg3 Rc8 42. Qg5 Rc2 43. Qg3 Bd6 44. Qf3 Bxh2+ 45. Kh1 Bd6 46. Ra1 b2 47. Ra8+ Kh7 48. Bxb2 Rxb2 0-1